Terrassa, industrial i modernista = Industrial and modernista Terrassa
Publicado:
[Barcelona] :
Diputació de Barcelona, Xarxa de Municipis, Oficina de Promoció Turística ,
2002
Descripción Física:
24 p. : il. col. ; 21 cm
MARC
| LEADER | 00000nam a2200000Ia 4500 | ||
|---|---|---|---|
| 001 | 15168 | ||
| 008 | 160829s2002 xx 000 0 cat d | ||
| 080 | |a FU-35-10 | ||
| 245 | |a Terrassa, industrial i modernista = Industrial and modernista Terrassa | ||
| 260 | |a [Barcelona] : |b Diputació de Barcelona, Xarxa de Municipis, Oficina de Promoció Turística, |c 2002 | ||
| 300 | |a 24 p. : |b il. col. ; |c 21 cm | ||
| 590 | |a Text bilingüe: català - anglès. | ||
| 590 | |a A la portada: Turisme Total | ||
| 650 | |a Modernisme (Arquitectura) |x Terrassa |x Guies |9 37654 | ||
| 650 | |a Modernisme (Arquitectura) |x Terrassa |x Història |9 37655 | ||
| 710 | 1 | |a Barcelona (Catalunya : Província). |b Oficina de Promoció Turística |9 51402 | |
| 901 | |a Arxiu | ||
| 942 | |n 1 | ||
| 952 | |0 0 |1 0 |4 0 |6 FU3510 |7 1 |9 47975 |a Arxiu |b Arxiu |d 2016-12-01 |l 0 |o FU-35-10 |p 15168 |r 2016-12-01 00:00:00 |w 2016-12-01 |y ARXIU | ||
| 999 | |c 51776 |d 51776 | ||